000 01629nam a2200313 a 4500
001 BRCA_3355
005 20190320204235.0
008 260309s1891----enk#---###---#000-0#eng-#
041 _aeng
044 _aenk
084 _a649
_b.B46
_c1891
100 1 _aCervantes Saavedra, Miguel de
_d1547-1616
_9213
245 1 0 _aThe Achievements of the Ingenious Gentleman Don Quixote de la Mancha
_cBy Miguel de Cervantes Saavedra; A Translation Based on that of Peter Anthony Motteux with the Memoir and Notes of John Gibson Lockhart.
260 _aLondres
_bGeorge Bell and Sons
_c1891
300 _a2 v.
_c19 cm.
500 _aContenido : v.1. Primera parte. Retrato de Cervantes. Prefacio del editor. Vida de Cervantes por Lockhart. Dedicatoria y prólogo de Cervantes. Versos preliminares. Notas. -- v.2. Segunda parte. Dedicatoria y prólogo de Cervantes. Notas
500 _aTraducción anónima basada en la versión de Motteux, con un ensayo sobre la vida de Cervantes escrito por J. G. Lockhart, inspirado en el de M. Fernández de Navarrete, y notas del mismo biógrafo. Tela Lúdovik Osterc
500 _aQM1000
546 _aTexto en : inglés
650 1 4 _aNovela española
_yÉpoca clásica, 1500-1700
_9215
650 1 4 _aLiteratura española
_yÉpoca clásica, 1500-1700
_9216
650 1 4 _aNovela española
_ySiglo XVII
_9217
650 1 4 _aDon Quijote (Personaje ficticio)
_eNovela
_9218
700 1 _aMotteux, Peter Anthony
_d1663-1718
_eTraductor
_98845
700 1 _aLockhart, John Gibson
_d1794-1854
_eAnotador
_98846
740 0 _aEl Ingenioso Hidalgo Don Quijote de la Mancha
902 _aQFM
942 _2lcc
_cB
999 _c3091
_d3091